000 00205 a2200097 4500
001 5469
100 _aAdlam,GHJ
245 _aAtomic energy for space & ware
260 _a
_bOliver
_c
090 _c4487
_d4487
942 _aNUST-CAE
_cM
_c30808
999 _c240542
_d240542